History Quiz

Random History Quiz
Score 0/10 Timer 10:00
0 Plays Today
% Correct
Several times
100%
July 19,1692
50%
The only deceased person in Virginia to be exonerated
0%
She knew a little too much about herbs,was a little to pretty, and wore clothing that was a little tight.
0%
Bewitching a neighbors crop.
0%
The water casted out her evil spirit.
0%
She escaped her bonds and swam to safety.
0%
80 year old.
0%
Witchduck bay, witch duck point, witch point trail, and sherwood lane.
0%
she served several years before she returned to her 3 sons.
0%
Remove Ads.
Support Sporcle.
Get the best of Sporcle when you Go Orange. This ad-free experience offers more features, more stats, and more fun while also helping to support Sporcle. Thank you for becoming a member.

You're not logged in!

Compare scores with friends on all Sporcle quizzes.
OR
Log In

Sporcle TV

Today on Sporcle TV


Watch our educational content, quiz creation guides, and fun videos on Sporcle TV.

Show Comments

Extras

Created Feb 18, 2011SourceReportNominate
Tags:salem, trial, Witch

Top Quizzes Today


Score Distribution

Paid Content

Your Account Isn't Verified!

In order to create a playlist on Sporcle, you need to verify the email address you used during registration. Go to your Sporcle Settings to finish the process.

Report this User

Report this user for behavior that violates our Community Guidelines.

Details: